000 00390nam a22001457a 4500
003 OSt
005 20160727222338.0
008 160617b xxu||||| |||| 00| 0 eng d
040 _cTEST
100 _910
_aHardy, A.D
245 _aGood Night, Baby Donald
_bA Book About Counting
260 _aMy Disney CompaN.Y
_c1987
300 _aGood Night, Baby Donald; A Book About Counting
942 _2ddc
_cBK
999 _c10
_d10